Drapeau pays d'Europe par image n°3 - Statistiques

Statistiques générales
  • Ce quiz a été pris 47 fois
  • Le résultat moyen est 10 sur 12
Statistiques - réponses
Par images Réponse % Correct
Croatie
95%
Irlande
93%
Albanie
90%
Bulgarie
90%
Danemark
90%
Macédoine du nord
90%
Biélorussie
85%
Kosovo
85%
Monténégro
83%
Serbie
83%
Bosnie
78%
Féroé
20%
Aucun quiz correspondant
Distribution des résultats
% des personnes avec chaque résultat
Percentile par nombre de réponses
Votre historique - résultats
Vous n’avez pas pris ce quiz